Chilton's auto - repair manual American cars from 1961 to 1969

Kaydedildi:
Detaylı Bibliyografya
Materyal Türü: Kitap
Dil:Undetermined
Baskı/Yayın Bilgisi: Philadelphia Chilton 1968
Konular:
Etiketler: Etiketle
Etiket eklenmemiş, İlk siz ekleyin!
Thư viện lưu trữ: Trung tâm Học liệu Trường Đại học Cần Thơ
LEADER 00502nam a2200169Ia 4500
001 CTU_26583
008 210402s9999 xx 000 0 und d
082 |a 629.28 
082 |b C538 
245 0 |a Chilton's auto - repair manual 
245 0 |b American cars from 1961 to 1969 
260 |a Philadelphia 
260 |b Chilton 
260 |c 1968 
650 |a automobiles - maintenance and repair,mechanical engineering 
904 |i Minh, 981014 
980 |a Trung tâm Học liệu Trường Đại học Cần Thơ